000 01390nam a22003377a 4500
003 OSt
005 20230427090325.0
008 221006b |||||||| |||| 00| 0 eng d
040 _cBiblioteca Lado V
082 _a709.03
_bA287c
100 _9820
_aAhrweiler, Helene
_edirector
245 _aLes Cahiers/
_bDu Musee National D'Art Moderne/
260 _bCentre Georges Pompidou
_aFrancia
_c1989
300 _c19x26cm
_a136p.
366 _efre
490 _a28
_v1989
505 _tTextes
_aJean-Hubert Martin e Benjamin Buchloh Fumio Nanjo John Mundine Jyotindra Jain Louis Perrois Carlo Severi Sally Price James Clifford Jean Fisher Yves Michaud Guy Brett Lucy Lippard
505 _tNotes de Lecture
505 _tVie Du Musee
505 _tSupplement Catalogus 4
650 _2Tesauro de Arte & Arquitectura
_aARTE
_9703
650 _2Tesauro de Arte & Arquitectura
_aEXPOSICIONES
650 _2Tesauro de Arte & Arquitectura
_aCULTURA
650 _2Tesauro de Arte & Arquitectura
_aAPRECIACION
650 _2Tesauro de Arte & Arquitectura
_aTEORIA
650 _2Tesauro de Arte & Arquitectura
_aVIDEO
650 _2Tesauro de Arte & Arquitectura
_aMUSICA
_9702
650 _2Tesauro de Arte & Arquitectura
_aLITERATURA
650 _2Tesauro de Arte & Arquitectura
_aCOSTA RICA
942 _2ddc
_c1
_h709.03
_iA287c
_n0
999 _c3478
_d3478